| 000 | 01320cam a22003131i 4500 | ||
|---|---|---|---|
| 003 | SA-RiAUC | ||
| 005 | 20250923051134.0 | ||
| 008 | 250810s2016 xxk g 000 0 ara c | ||
| 020 | _a9781905650439 | ||
| 040 |
_aSA-EnSBSSC _bara _cSA-RiAUC _erda |
||
| 043 | _aa-sy--- | ||
| 082 | 0 | 4 |
_a214.61 _qSA-RiAUC |
| 090 |
_a214.61 _bي ح ي |
||
| 100 | 1 |
_aيحياوي، عبد الغني _eمؤلف. |
|
| 245 | 1 | 2 |
_aالموازنة بين المصالح والمفاسد في التداوي بنقل الأعضاء البشرية / _cعبد الغني يحياوي. |
| 250 | _aالطبعة الأولى. | ||
| 264 | 1 |
_aلندن : _bمؤسسة الفرقان للتراث الإسلامي، مركز دراسات مقاصد الشريعة الإسلامية، _c2016. |
|
| 300 |
_a377 صفحة ؛ _c24 سم. |
||
| 336 |
_aنص _btxt _2rdacontent _3كتاب |
||
| 337 |
_aبدون وسيط _bn _2rdamedia |
||
| 338 |
_aمجلد _bnc _2rdacarrier |
||
| 490 | 0 | _aسلسلة الدراسات | |
| 650 | 7 |
_aزرع الأعضاء (فقه إسلامي) _2aucsh |
|
| 650 | 7 |
_aالمصالح المرسلة (أصول فقه) _2aucsh |
|
| 650 | 7 |
_aالترجيح (أصول فقه) _2aucsh |
|
| 650 | 7 |
_aتعارض الأدلة (أصول فقه) _2aucsh |
|
| 942 |
_2ddc _cBOOK _n0 |
||
| 949 |
_aSA-JeALM _d250810 _umohamedma123 _n1 |
||
| 999 |
_c12039 _d12039 |
||